000
00197nam a2200109Ia 4500
100
_a
Rob/Peter
942
_c
BK
245
_a
Database systems
260
_b
#N/A
546
_a
ENGLISH
999
_c
21068
_d
21068